[Event "Mittelrhein Verbandsliga-M 16/17"]
[Site "Nordrheinwestfalen"]
[Date "2016.09.11"]
[Round "1.8"]
[White "Orthen, Heinz"]
[Black "Yang, Daniel"]
[Result "1/2-1/2"]
[WhiteElo "1795"]
[BlackElo "1680"]
[PlyCount "83"]
[EventDate "2016.09.11"]
[EventType "team-tourn"]
[EventRounds "11"]
[EventCountry "GER"]
[SourceTitle "EXT 2022"]
[Source "ChessBase"]
[SourceDate "2021.10.06"]
[SourceVersion "1"]
[SourceVersionDate "2021.10.06"]
[SourceQuality "1"]
[WhiteTeam "Esch SF"]
[BlackTeam "Porz SG V"]
[WhiteTeamCountry "GER"]
[BlackTeamCountry "GER"]

1. e4 c6 2. d4 d5 3. exd5 cxd5 4. c4 Nf6 5. Nc3 e6 6. Bg5 Be7 7. Nf3 0-0 8. c5 Nc6 9. Bb5 Nd7 10. Bxe7 Nxe7 11. 0-0 Qc7 12. Re1 Re8 13. b4 Nc6 14. Nxd5 Qd8 15. Bxc6 bxc6 16. Nc3 Nf6 17. Qb3 Rb8 18. Rad1 a5 19. a3 axb4 20. axb4 Ba6 21. Ne5 Qc7 22. Nc4 Bxc4 23. Qxc4 Qb7 24. Rb1 Nd5 25. Ne4 Red8 26. Nd6 Qa7 27. b5 cxb5 28. Rxb5 Rxb5 29. Nxb5 Qa6 30. Rc1 Rb8 31. Nd6 Qxc4 32. Nxc4 Nf4 33. Kf1 Kf8 34. Ne5 Rc8 35. g3 Nd5 36. Ke2 f6 37. Nd3 Ke7 38. f4 g6 39. Kd2 Rd8 40. Rb1 Rd7 41. Rb8 Ra7 42. Kc2 1/2-1/2